| 000 | 00748nam a22002297a 4500 | ||
|---|---|---|---|
| 999 |
_c14660 _d14660 |
||
| 003 | AR-CdUCM | ||
| 008 | 190424b ||||| |||| 00| 0 spa d | ||
| 020 | _a978-1-4095-8958-7 | ||
| 040 |
_aMUNICIPALIDAD PROVINCIAL DEL CUSCO _cBIBLIOTECA MUNICIPAL DEL CUSCO |
||
| 082 |
_aPI / 803 / _bU92 |
||
| 100 |
_aPunter, Russell _933521 |
||
| 245 | _aCuentos de piratas para grumetes / | ||
| 260 |
_aLondres : _bUsborne house, _c2011. |
||
| 300 |
_a175 páginas : _c21 cm. |
||
| 505 | _aContenido : !Barco a la vista! -- El loro chivato -- El capitán pincho ... | ||
| 650 |
_aHistorias _92725 |
||
| 650 |
_aCuento _94671 |
||
| 650 |
_aNiños _99390 |
||
| 700 |
_aNavarro Gosálvez, Antonio _933522 |
||
| 942 |
_2ddc _cLIBROS |
||
| 945 |
_arah _d24/04/2019 |
||